Синтез дихлориодбензола и использование его в условиях однореакторного получения иодгидринов; Химия и химическая технология в XXI веке

Sonraí bibleagrafaíochta
Parent link:Химия и химическая технология в XXI веке.— 2005.— С. 131-132
Príomhchruthaitheoir: Можайская М. В.
Rannpháirtithe: Юсубова Р. Я. (научный руководитель)
Teanga:Rúisis
Foilsithe / Cruthaithe: 2005
Ábhair:
Formáid: Caibidil leabhair
KOHA link:https://koha.lib.tpu.ru/cgi-bin/koha/opac-detail.pl?biblionumber=138643

MARC

LEADER 00000naa2a2200000 4500
001 138643
005 20231031141517.0
035 |a (RuTPU)RU\TPU\book\150221 
090 |a 138643 
100 |a 20080528d2005 k y0rusy50 ca 
101 0 |a rus 
102 |a RU 
200 1 |a Синтез дихлориодбензола и использование его в условиях однореакторного получения иодгидринов  |f М. В. Можайская  |g науч. рук. Р. Я. Юсубова 
463 0 |0 (RuTPU)RU\TPU\book\118373  |t Химия и химическая технология в XXI веке  |o материалы VI Всероссийской студенческой научно-практической конференции, 11-12 мая 2005 г., Томск  |f Томский политехнический университет; под ред. А. А. Бакибаева  |v С. 131-132  |d 2005  |p 352 с. 
610 1 |a иодгидрины 
610 1 |a получение 
610 1 |a дихлоридбензолы 
610 1 |a однореакторное получение 
610 1 |a реагенты 
610 1 |a органический синтез 
610 1 |a труды учёных ТПУ 
700 1 |a Можайская  |b М. В. 
702 1 |a Юсубова  |b Р. Я.  |4 727 
801 1 |a RU  |b 63413507  |c 20080528  |g PSBO 
801 2 |a RU  |b 63413507  |c 20111220  |g RCR 
942 |c BK